header

A handbook of practicing anthropology (Record no. 66811)

MARC details
000 -LEADER
fixed length control field 01360nam a2200325 a 4500
082 04 - DEWEY DECIMAL CLASSIFICATION NUMBER
Classification number 301.01
245 02 - TITLE STATEMENT
Title A handbook of practicing anthropology
260 ## - PUBLICATION, DISTRIBUTION, ETC. (IMPRINT)
Place of publication Hoboken, N.J. :
Name of publisher Wiley-Blackwell,
Year of publication c2013.
300 ## - PHYSICAL DESCRIPTION
Number of Pages xiv, 417 p.
505 0# - FORMATTED CONTENTS NOTE
Formatted contents note pt. 1. The practitioner career arc -- pt. 2. Practitioner bases -- pt. 3. Domains of practice -- pt. 4. Key issues -- pt. 5. Conclusion.
650 #0 - SUBJECT ADDED ENTRY--TOPICAL TERM
Topical Term Anthropology
700 1# - ADDED ENTRY--PERSONAL NAME
Personal name Nolan, Riall W.
856 40 - ELECTRONIC LOCATION AND ACCESS
Uniform Resource Identifier http://site.ebrary.com/lib/rucke/Doc?id=10661508

No items available.

© 2026 Rongo University
Contact us: librarian | system librarian | Rongo university